[Event "EU-Cup 37th"]
[Site "Mayrhofen"]
[Date "2022.10.05"]
[Round "3.6"]
[White "Ranaldi, Lucas"]
[Black "Haag, Gregor"]
[Result "1/2-1/2"]
[WhiteElo "2369"]
[BlackElo "2316"]
[PlyCount "47"]
[EventDate "2022.10.03"]
[EventType "team-swiss"]
[EventRounds "7"]
[EventCountry "AUT"]
[SourceTitle "CBM 210 Extra"]
[Source "ChessBase"]
[SourceDate "2022.11.30"]
[SourceVersion "1"]
[SourceVersionDate "2022.11.30"]
[SourceQuality "1"]
[WhiteTeam "Offerspill"]
[BlackTeam "Riehen SG"]
[WhiteTeamCountry "NOR"]
[BlackTeamCountry "SUI"]

1. c4 g6 2. e4 e5 3. d4 Nf6 4. Nf3 exd4 5. e5 Bb4+ 6. Bd2 Qe7 7. Bxb4 Qxb4+ 8. Qd2 Qxd2+ 9. Nbxd2 Nh5 10. Nxd4 Nc6 11. N2f3 b6 12. Nxc6 dxc6 13. g3 c5 14. Bg2 Bb7 15. 0-0 Ke7 16. Rad1 Rad8 17. Ng5 Bxg2 18. Kxg2 Ng7 19. f4 h5 20. Kf2 Nf5 21. Nf3 Ke6 22. Ng5+ Ke7 23. Nf3 Ke6 24. Ng5+ 1/2-1/2

[Event "SUI-chT"]
[Site "Switzerland"]
[Date "2022.09.03"]
[Round "4.7"]
[White "Haag, Gregor"]
[Black "Kohli, Thomas"]
[Result "1-0"]
[WhiteElo "2371"]
[BlackElo "1994"]
[PlyCount "43"]
[EventDate "2022.05.01"]
[EventType "team-tourn"]
[EventRounds "9"]
[EventCountry "SUI"]
[SourceTitle "EXT 2023"]
[Source "ChessBase"]
[SourceDate "2022.10.05"]
[SourceVersion "1"]
[SourceVersionDate "2022.10.05"]
[SourceQuality "1"]
[WhiteTeam "Riehen"]
[BlackTeam "Wollishofen"]
[WhiteTeamCountry "SUI"]
[BlackTeamCountry "SUI"]

1. d4 d6 2. c4 e5 3. Nc3 exd4 4. Qxd4 Nc6 5. Qd2 g6 6. b3 Bg7 7. Bb2 Nf6 8. e4 0-0 9. Bd3 Re8 10. Nge2 Ng4 11. h3 Bh6 12. f4 Nge5 13. Bc2 Nb4 14. 0-0 Qh4 15. Nb5 Na6 16. Qc3 Bg7 17. fxe5 Be6 18. Qg3 Qh5 19. Nf4 Qh6 20. Nxe6 Rxe6 21. Qf2 Rf8 22. Nd4 1-0

[Event "SUI-chT"]
[Site "Switzerland"]
[Date "2022.06.12"]
[Round "3.6"]
[White "Haag, Gregor"]
[Black "Pahud, Cedric"]
[Result "1/2-1/2"]
[WhiteElo "2371"]
[BlackElo "2211"]
[PlyCount "82"]
[EventDate "2022.05.01"]
[EventType "team-tourn"]
[EventRounds "9"]
[EventCountry "SUI"]
[SourceTitle "EXT 2023"]
[Source "ChessBase"]
[SourceDate "2022.10.05"]
[SourceVersion "1"]
[SourceVersionDate "2022.10.05"]
[SourceQuality "1"]
[WhiteTeam "Riehen"]
[BlackTeam "Echallens"]
[WhiteTeamCountry "SUI"]
[BlackTeamCountry "SUI"]

1. d4 Nf6 2. c4 e6 3. Nf3 Bb4+ 4. Nbd2 0-0 5. a3 Be7 6. e4 d6 7. Be2 c5 8. b4 cxd4 9. Nxd4 a6 10. Bb2 Qc7 11. Bf3 Nbd7 12. N4b3 Rb8 13. 0-0 b6 14. Rc1 Bb7 15. Qe2 Rbc8 16. g3 Qb8 17. Rfe1 Ne8 18. Qe3 Bf6 19. Bxf6 Nexf6 20. Bg2 d5 21. exd5 exd5 22. Qd4 dxc4 23. Bxb7 Qxb7 24. Nxc4 Qf3 25. Nbd2 Qh5 26. Nxb6 Nxb6 27. Qxb6 Ng4 28. Nf3 Qd5 29. Rxc8 Rxc8 30. h3 Qxf3 31. hxg4 Qxa3 32. Qc6 Rf8 33. Qe4 g6 34. Kg2 Rb8 35. Rb1 Rb5 36. Qd4 a5 37. Qd8+ Kg7 38. Qd4+ Kg8 39. Re1 Rb8 40. bxa5 Qxa5 41. Ra1 Qb6 1/2-1/2

[Event "SUI-chT"]
[Site "Switzerland"]
[Date "2022.05.15"]
[Round "2.4"]
[White "Vilaseca, Laurent"]
[Black "Haag, Gregor"]
[Result "1-0"]
[WhiteElo "2068"]
[BlackElo "2371"]
[PlyCount "83"]
[EventDate "2022.05.01"]
[EventType "team-tourn"]
[EventRounds "9"]
[EventCountry "SUI"]
[SourceTitle "EXT 2023"]
[Source "ChessBase"]
[SourceDate "2022.10.05"]
[SourceVersion "1"]
[SourceVersionDate "2022.10.05"]
[SourceQuality "1"]
[WhiteTeam "Nyon"]
[BlackTeam "Riehen"]
[WhiteTeamCountry "SUI"]
[BlackTeamCountry "SUI"]

1. d4 d5 2. Bf4 c5 3. e3 Nc6 4. c3 Nf6 5. Nd2 e6 6. Ngf3 Bd6 7. Bg3 0-0 8. Bb5 Bxg3 9. hxg3 Qb6 10. Qa4 cxd4 11. cxd4 Bd7 12. 0-0 Nb8 13. Bxd7 Nbxd7 14. Rfc1 Rfc8 15. Rc2 Rc7 16. Rac1 Rac8 17. Ne1 h5 18. Nd3 g6 19. b4 Rxc2 20. Rxc2 Rxc2 21. Qxc2 Kg7 22. a4 Qd6 23. Qc3 Ng4 24. Nc5 b6 25. Nxd7 Qxd7 26. b5 Qd6 27. Nf1 Nh6 28. Nh2 Ng4 29. Nf3 Kf6 30. Ne1 Ke7 31. Nd3 Kd8 32. Nb4 h4 33. Nc6+ Ke8 34. Ne5 Nxe5 35. dxe5 Qd8 36. Qc6+ Kf8 37. gxh4 d4 38. exd4 Qxd4 39. Qd6+ Qxd6 40. exd6 f5 41. f3 f4 42. Kh2 1-0

[Event "SUI-chT"]
[Site "Switzerland"]
[Date "2021.08.29"]
[Round "1.5"]
[White "Haag, Gregor"]
[Black "Frommherz, Stefan Martin"]
[Result "1-0"]
[WhiteElo "2370"]
[BlackElo "1750"]
[PlyCount "59"]
[EventDate "2021.08.29"]
[EventType "team-tourn"]
[EventRounds "9"]
[EventCountry "SUI"]
[SourceTitle "CBM 204 Extra"]
[Source "ChessBase"]
[SourceDate "2021.11.30"]
[SourceVersion "1"]
[SourceVersionDate "2021.11.30"]
[SourceQuality "1"]
[WhiteTeam "Riehen"]
[BlackTeam "Bodan"]
[WhiteTeamCountry "SUI"]
[BlackTeamCountry "SUI"]

1. d4 Nf6 2. c4 e5 3. dxe5 Ng4 4. Bf4 g5 5. Bg3 Bg7 6. h4 h5 7. Nf3 Nc6 8. Nc3 Ngxe5 9. Nxg5 d6 10. e4 Be6 11. Nd5 Qd7 12. Be2 0-0-0 13. Rc1 Ng4 14. f3 Nge5 15. Ne3 Ne7 16. Qd2 c6 17. f4 Ng4 18. f5 Nxe3 19. fxe6 Nxg2+ 20. Kf2 fxe6 21. Kxg2 Ng6 22. Rcf1 Ne5 23. Bxe5 Bxe5 24. Rf7 Qe8 25. Qa5 Rd7 26. Rhf1 Rg8 27. Bxh5 Rxg5+ 28. hxg5 Rxf7 29. Rxf7 d5 30. Qxa7 1-0

[Event "EU-Cup 35th"]
[Site "Ulcinj"]
[Date "2019.11.15"]
[Round "6.11"]
[White "Vujovic, Savo"]
[Black "Haag, Gregor"]
[Result "0-1"]
[WhiteElo "2040"]
[BlackElo "2368"]
[PlyCount "125"]
[EventDate "2019.11.10"]
[EventType "team-swiss"]
[EventRounds "7"]
[EventCountry "MNE"]
[SourceTitle "CBM 193 Extra"]
[Source "ChessBase"]
[SourceDate "2020.01.31"]
[SourceVersion "1"]
[SourceVersionDate "2020.01.31"]
[SourceQuality "1"]
[WhiteTeam "Crnogorac"]
[BlackTeam "Riehen SG"]
[WhiteTeamCountry "MNE"]
[BlackTeamCountry "SUI"]

1. e4 c5 2. Nf3 e6 3. d4 cxd4 4. Nxd4 Nc6 5. Nc3 Qc7 6. Be3 a6 7. Be2 b5 8. 0-0 Bb7 9. f4 Bc5 10. Bf3 Qb6 11. Nce2 Nf6 12. c3 Nxd4 13. cxd4 Be7 14. Qd3 d5 15. e5 Ne4 16. Ng3 Nxg3 17. hxg3 0-0 18. g4 f6 19. Rac1 Rac8 20. g5 fxg5 21. fxg5 g6 22. Bg4 b4 23. a4 bxa3 24. bxa3 Rxc1 25. Rxc1 Bc8 26. Qb1 Qxb1 27. Rxb1 Bxa3 28. Rb6 Kf7 29. Rc6 Ke7 30. Rc7+ Bd7 31. Ra7 Rc8 32. Be2 Bc1 33. Kf2 Bxe3+ 34. Kxe3 Rc3+ 35. Kd2 Rg3 36. Bxa6 Rxg2+ 37. Kc3 Kd8 38. Kb4 Rb2+ 39. Kc5 Rc2+ 40. Kb6 Rb2+ 41. Kc5 Rc2+ 42. Kb6 Rc6+ 43. Kb7 Rc7+ 44. Kb6 Rxa7 45. Kxa7 Ba4 46. Kb6 Bc2 47. Kc6 Ke7 48. Kc7 Bf5 49. Bf1 Kf7 50. Kd7 h5 51. gxh6 g5 52. h7 Kg7 53. Ke7 Kxh7 54. Kf6 Kh6 55. Bg2 Bg4 56. Bf1 Kh5 57. Bg2 Kh4 58. Bf1 Bf5 59. Bg2 Kg4 60. Bf1 Kf4 61. Bg2 g4 62. Bh1 g3 63. Bg2 0-1

[Event "Chania op"]
[Site "Chania"]
[Date "2019.08.27"]
[Round "4"]
[White "Vocaturo, Daniele"]
[Black "Haag, Gregor"]
[Result "1-0"]
[WhiteElo "2615"]
[BlackElo "2393"]
[PlyCount "120"]
[EventDate "2019.08.25"]
[EventType "swiss"]
[EventRounds "9"]
[EventCountry "GRE"]
[SourceTitle "EXT 2020"]
[Source "ChessBase"]
[SourceDate "2019.10.17"]
[SourceVersion "1"]
[SourceVersionDate "2019.10.17"]
[SourceQuality "1"]

1. d4 d5 2. c4 dxc4 3. e4 Nf6 4. e5 Nd5 5. Bxc4 Bf5 6. Qb3 c6 7. Ne2 e6 8. Bxd5 cxd5 9. Qxb7 Nd7 10. Qb3 Be7 11. Nbc3 0-0 12. 0-0 Nb6 13. Qd1 Qc8 14. b3 Bb4 15. Bd2 Ba3 16. Bc1 Bb4 17. Bb2 Qa6 18. Ng3 Bd3 19. Re1 Rac8 20. Rc1 Bg6 21. Re3 Rc7 22. Qe2 Qb7 23. a3 Be7 24. Nd1 Rxc1 25. Bxc1 Rc8 26. Rc3 Rxc3 27. Nxc3 Qc8 28. Qd2 h6 29. Nge2 Qa6 30. f3 Qa5 31. Qb2 Bd3 32. Kf2 Qa6 33. g3 Nd7 34. Nf4 Bf5 35. Na4 Qc6 36. Qc3 Qxc3 37. Nxc3 a5 38. Nb5 Nb8 39. Bd2 Nc6 40. Ne2 Bd3 41. a4 Bd8 42. Ke3 Bc2 43. Nc1 Bb6 44. Bc3 f6 45. Kd2 Bg6 46. Nd3 Bxd3 47. Kxd3 fxe5 48. dxe5 Bg1 49. f4 g5 50. h4 gxh4 51. gxh4 h5 52. Nc7 Kf7 53. f5 exf5 54. Nxd5 Bf2 55. Nf4 Bxh4 56. Nxh5 Bd8 57. Kc4 Bc7 58. Kd5 Ne7+ 59. Kc5 Ng6 60. Kc6 Bxe5 1-0

[Event "SUI-chT"]
[Site "Switzerland"]
[Date "2019.05.04"]
[Round "3.7"]
[White "Vilaseca, Laurent"]
[Black "Haag, Gregor"]
[Result "0-1"]
[WhiteElo "2070"]
[BlackElo "2355"]
[PlyCount "56"]
[EventDate "2019.03.10"]
[EventType "team-tourn"]
[EventRounds "9"]
[EventCountry "SUI"]
[SourceTitle "CBM 190 Extra"]
[Source "ChessBase"]
[SourceDate "2019.07.15"]
[SourceVersion "1"]
[SourceVersionDate "2019.07.15"]
[SourceQuality "1"]
[WhiteTeam "Nyon"]
[BlackTeam "Riehen"]
[WhiteTeamCountry "SUI"]
[BlackTeamCountry "SUI"]

1. d4 d5 2. Bf4 c5 3. c3 Nc6 4. e3 Nf6 5. Nd2 e6 6. Ngf3 Bd6 7. Bg3 0-0 8. Be2 b6 9. Ne5 Bb7 10. Ndf3 Ne7 11. h3 Qc7 12. 0-0 c4 13. Bh2 b5 14. a3 a5 15. Qc2 h6 16. Rfb1 Rfb8 17. Bf1 Bc6 18. g4 Ne4 19. Bg2 Be8 20. Nd2 f6 21. f4 Nxd2 22. Qxd2 b4 23. axb4 axb4 24. Nf3 Bg6 25. Re1 Ra5 26. Rxa5 Qxa5 27. Nh4 Bd3 28. e4 Qa2 0-1

[Event "SUI-chT"]
[Site "Switzerland"]
[Date "2019.04.14"]
[Round "2.8"]
[White "Haag, Gregor"]
[Black "Vianin, Pascal"]
[Result "1-0"]
[WhiteElo "2355"]
[BlackElo "2117"]
[PlyCount "69"]
[EventDate "2019.03.10"]
[EventType "team-tourn"]
[EventRounds "9"]
[EventCountry "SUI"]
[SourceTitle "CBM 190 Extra"]
[Source "ChessBase"]
[SourceDate "2019.07.15"]
[SourceVersion "1"]
[SourceVersionDate "2019.07.15"]
[SourceQuality "1"]
[WhiteTeam "Riehen"]
[BlackTeam "Echallens"]
[WhiteTeamCountry "SUI"]
[BlackTeamCountry "SUI"]

1. d4 Nf6 2. Nf3 e6 3. c4 Bb4+ 4. Nbd2 0-0 5. a3 Bxd2+ 6. Qxd2 b6 7. e3 Bb7 8. b4 a5 9. b5 d6 10. Be2 Nbd7 11. 0-0 Ne4 12. Qc2 f5 13. Ne1 Rf6 14. f3 Ng5 15. e4 f4 16. Nd3 e5 17. c5 bxc5 18. dxe5 dxe5 19. Bb2 Qe7 20. Rac1 Rd8 21. Nxc5 Bc8 22. Nxd7 Rxd7 23. Qc5 Nf7 24. Rfd1 Rxd1+ 25. Bxd1 Rd6 26. Ba4 Qg5 27. Qf2 Qd8 28. Bc3 Rd3 29. Bb3 Kf8 30. Bd5 Qd6 31. Bxa5 Qxa3 32. Qc5+ Qxc5+ 33. Rxc5 Ra3 34. Bb4 Ra1+ 35. Rc1+ 1-0

[Event "Oberliga Baden 1819"]
[Site "Baden"]
[Date "2019.02.03"]
[Round "6.3"]
[White "Beikert, Guenther"]
[Black "Haag, Gregor"]
[Result "1/2-1/2"]
[WhiteElo "2403"]
[BlackElo "2340"]
[PlyCount "119"]
[EventDate "2018.10.21"]
[EventType "team-tourn"]
[EventRounds "9"]
[EventCountry "GER"]
[SourceTitle "EXT 2020"]
[Source "ChessBase"]
[SourceDate "2019.10.17"]
[SourceVersion "1"]
[SourceVersionDate "2019.10.17"]
[SourceQuality "1"]
[WhiteTeam "Viernheim II"]
[BlackTeam "Brombach"]
[WhiteTeamCountry "GER"]
[BlackTeamCountry "GER"]

1. Nf3 d5 2. c4 e6 3. g3 dxc4 4. Bg2 a6 5. a4 Nc6 6. 0-0 Nf6 7. Qc2 Na5 8. Nc3 Be7 9. Rd1 Nd5 10. Na2 c5 11. d3 cxd3 12. Rxd3 c4 13. Rd1 Qb6 14. e4 Nb3 15. Rb1 Nb4 16. Nxb4 Qxb4 17. Ne5 0-0 18. Be3 Bc5 19. Qxc4 Qxc4 20. Nxc4 Bxe3 21. Nxe3 e5 22. f4 f6 23. fxe5 fxe5 24. Rd5 Re8 25. Nf5 Bxf5 26. exf5 Nd4 27. Rd7 Rad8 28. Bd5+ Kf8 29. Rf7+ Kg8 30. Ba2 Kh8 31. Rf1 e4 32. f6 g6 33. Re7 e3 34. Rxe8+ Rxe8 35. f7 Rf8 36. Kg2 Kg7 37. Re1 e2 38. Kf2 Rc8 39. Bd5 b5 40. axb5 axb5 41. Be4 Kxf7 42. Ke3 Rd8 43. Bd3 Kf6 44. Ke4 Kg5 45. Bxe2 Nxe2 46. Rxe2 Re8+ 47. Kf3 Rxe2 48. Kxe2 Kg4 49. Kf2 Kh3 50. Kg1 b4 51. Kh1 h6 52. Kg1 h5 53. Kh1 h4 54. gxh4 Kxh4 55. Kg2 Kg4 56. b3 Kf4 57. Kf2 Ke4 58. Ke2 Kd4 59. Kd2 Ke4 60. Ke2 1/2-1/2

[Event "SUI-chT"]
[Site "Switzerland"]
[Date "2018.10.27"]
[Round "8.8"]
[White "Haag, Gregor"]
[Black "Friedrich, Norbert"]
[Result "1/2-1/2"]
[WhiteElo "2293"]
[BlackElo "2285"]
[PlyCount "62"]
[EventDate "2018.03.25"]
[EventType "team-tourn"]
[EventRounds "9"]
[EventCountry "SUI"]
[SourceTitle "CBM 187 Extra"]
[Source "ChessBase"]
[SourceDate "2018.11.04"]
[SourceVersion "1"]
[SourceVersionDate "2018.11.04"]
[SourceQuality "1"]
[WhiteTeam "Riehen"]
[BlackTeam "Zuerich"]
[WhiteTeamCountry "SUI"]
[BlackTeamCountry "SUI"]

1. d4 d5 2. c4 c6 3. Nf3 Nf6 4. Nc3 e6 5. Bg5 h6 6. Bh4 Be7 7. e3 0-0 8. Bd3 dxc4 9. Bxc4 c5 10. 0-0 cxd4 11. Nxd4 Bd7 12. Qe2 Nc6 13. Rfd1 Qb6 14. Ndb5 Rfd8 15. Bg3 Ne8 16. a3 Na5 17. Ba2 a6 18. Nd4 Nf6 19. Rac1 Nc6 20. Nf3 Be8 21. h3 Rxd1+ 22. Rxd1 Rd8 23. Rxd8 Qxd8 24. Ne5 Nxe5 25. Bxe5 Bc6 26. Qc2 Bd6 27. Qd2 Bc7 28. Qxd8+ Bxd8 29. Bd4 Ne4 30. Nxe4 Bxe4 31. f3 Kh8 1/2-1/2

[Event "SUI-ch HT1 118th"]
[Site "Lenzerheide"]
[Date "2018.07.16"]
[Round "5"]
[White "Fischer, Daniel1111"]
[Black "Haag, Gregor"]
[Result "1/2-1/2"]
[WhiteElo "2263"]
[BlackElo "2300"]
[PlyCount "53"]
[EventDate "2018.07.12"]
[EventType "swiss"]
[EventRounds "9"]
[EventCountry "SUI"]
[SourceTitle "EXT 2019"]
[Source "ChessBase"]
[SourceDate "2018.10.10"]
[SourceVersion "1"]
[SourceVersionDate "2018.10.10"]
[SourceQuality "1"]

1. e4 c5 2. Nf3 e6 3. d4 cxd4 4. Nxd4 Nc6 5. Nc3 Qc7 6. Be3 a6 7. Qf3 Ne5 8. Qg3 b5 9. 0-0-0 Nf6 10. Bxb5 axb5 11. Ndxb5 Qb8 12. Bf4 d6 13. Rxd6 Nh5 14. Qg5 Bxd6 15. Nxd6+ Qxd6 16. Bxe5 Ra5 17. Nd5 Qd7 18. Qxh5 exd5 19. Bxg7 Rg8 20. Qxh7 Rxg7 21. Qxg7 Rxa2 22. Qg8+ Ke7 23. Qg5+ Kf8 24. Kb1 Qa7 25. Qd8+ Kg7 26. Qg5+ Kf8 27. Qd8+ 1/2-1/2